000 005380000a22001810004500
003 MACL
005 20160401125006.0
008 160401b xxu||||| |||| 00| 0 eng d
040 _aMACL
_cMACL
041 _aHindi
082 _a370
100 _aजॉन होल्‍ट
_949577
245 _aकैसे असफल होते है बच्‍चे
260 _bप्रेमनाथ एण्‍ड संस
_c2000
_aदिल्‍ली
350 _a150
650 _aEducation
_949578
942 _cHIN
_k370
_2ddc
999 _c11038
_d11038